Maths - Terminale S. (Obligatoire et Spécialité). Classeur du professeur (Record no. 1028)

MARC details
000 -LEADER
fixed length control field 00685nam a2200229 4500
008 - FIXED-LENGTH DATA ELEMENTS--GENERAL INFORMATION
fixed length control field s2002 fr fre u
020 ## - INTERNATIONAL STANDARD BOOK NUMBER
International Standard Book Number 2011352983
020 ## - INTERNATIONAL STANDARD BOOK NUMBER
International Standard Book Number 9782011352989
040 ## - CATALOGING SOURCE
Original cataloging agency LB-BrCRDP
082 1# - DEWEY DECIMAL CLASSIFICATION NUMBER
Classification number T. S
Item number MAT. g
100 1# - MAIN ENTRY--PERSONAL NAME
Personal name Misset, Lydia
245 10 - TITLE STATEMENT
Title Maths - Terminale S. (Obligatoire et Spécialité). Classeur du professeur
Statement of responsibility, etc. Lydia Misset , Jean - Paul Beltramone
260 ## - PUBLICATION, DISTRIBUTION, ETC.
Place of publication, distribution, etc. Paris
Name of publisher, distributor, etc. Hachette
Date of publication, distribution, etc. 2002
300 ## - PHYSICAL DESCRIPTION
Extent 191 p.
Dimensions 32 cm
490 0# - SERIES STATEMENT
Series statement Déclic
500 ## - GENERAL NOTE
General note Sommaire.
650 4# - SUBJECT ADDED ENTRY--TOPICAL TERM
Topical term or geographic name entry element Mathématiques
650 4# - SUBJECT ADDED ENTRY--TOPICAL TERM
Topical term or geographic name entry element Classe de Terminale
700 1# - ADDED ENTRY--PERSONAL NAME
Personal name Beltramone, Jean-Paul
942 ## - ADDED ENTRY ELEMENTS (KOHA)
Koha item type Books
Holdings
Withdrawn status Lost status Source of classification or shelving scheme Damaged status Not for loan Home library Current library Shelving location Date acquired Source of acquisition Cost, normal purchase price Total Checkouts Full call number Barcode Date last seen Copy number Price effective from Koha item type
    Dewey Decimal Classification     مكتبة دار المعلمين و المعلمات - النبطية مكتبة دار المعلمين و المعلمات - النبطية Salle de Lecture 06/28/2005 Ambassade de France 25.00   510.712 M.HAC.S3S.GUI. CRN19 07/28/2016 1 07/28/2016 Books
    Dewey Decimal Classification     مكتبة دار المعلمين و المعلمات - جونية مكتبة دار المعلمين و المعلمات - جونية Salle de Lecture 06/28/2005 Ambassade de France 25.00   510.712 M.HAC.S3S.GUI. CRJ19 07/27/2016 1 07/27/2016 Books
    Dewey Decimal Classification     مكتبة دار المعلمين و المعلمات - زحلة مكتبة دار المعلمين و المعلمات - زحلة Salle de Lecture 10/18/2006 Amb. de France 0.00   T. S MAT. g CRZ1038 07/26/2016 1 07/26/2016 Books
    Dewey Decimal Classification     مكتبة دار المعلمين و المعلمات - صيدا مكتبة دار المعلمين و المعلمات - صيدا Salle de Lecture 08/01/2005 Ambassade de France 0.00   373.7 MAT CRS153 07/28/2016 1 07/28/2016 Books
    Dewey Decimal Classification     مكتبة دار المعلمين و المعلمات - طرابلس مكتبة دار المعلمين و المعلمات - طرابلس Salle de Lecture 11/01/2005 Ambassade de France 0.00   373.7 DEC CRT264 07/27/2016 1 07/27/2016 Books